The Bank of England : (Record no. 43872)
[ view plain ]
| 000 -LEADER | |
|---|---|
| fixed length control field | 00643nam a2200217 a 4500 |
| 001 - CONTROL NUMBER | |
| control field | 43872 |
| 003 - CONTROL NUMBER IDENTIFIER | |
| rucl marc code | BD-RjUL |
| 005 - DATE AND TIME OF LATEST TRANSACTION | |
| control field | 20211209053751.0 |
| 008 - FIXED-LENGTH DATA ELEMENTS--GENERAL INFORMATION | |
| fixed length control field | 160628m19661944enk||||| |||| 00| 0 eng d |
| 035 ## - SYSTEM CONTROL NUMBER | |
| System control number | (BD-RjUL)43990 |
| 040 ## - CATALOGING SOURCE | |
| Original cataloging agency | BD-RjUL |
| Language of cataloging | eng |
| Transcribing agency | BD-RjUL |
| 041 ## - LANGUAGE CODE | |
| Language code of text/sound track or separate title | eng |
| 082 ## - DEWEY DECIMAL CLASSIFICATION NUMBER | |
| Edition number | 23 |
| Classification number | 332.110941 |
| Author mark and year | CLB 1966 |
| 100 10 - MAIN ENTRY--PERSONAL NAME | |
| Personal name | Clapham, John |
| 9 (RLIN) | 134820 |
| 245 10 - TITLE STATEMENT | |
| Title | The Bank of England : |
| Remainder of title | a history / |
| Statement of responsibility, etc. | by John Clapham |
| 260 ## - PUBLICATION, DISTRIBUTION, ETC. (IMPRINT) | |
| Place of publication, distribution, etc. | Cambridge : |
| Name of publisher, distributor, etc. | University press, |
| Date of publication, distribution, etc. | 1944 [Reprinted 1958,1966] |
| 300 ## - PHYSICAL DESCRIPTION | |
| Pagination | ix, 305 p. ; |
| Size | 24 cm. |
| 505 0# - FORMATTED CONTENTS NOTE | |
| Formatted contents note | [Vol. 1 --1694-1797, V. -2--1797-1914] |
| 650 ## - SUBJECT ADDED ENTRY--TOPICAL TERM | |
| Topical term or geographic name as entry element | Bank |
| Chronological subdivision | England |
| 9 (RLIN) | 134821 |
| 942 ## - ADDED ENTRY ELEMENTS (KOHA) | |
| Source of classification or shelving scheme | Dewey Decimal Classification |
| Koha item type | Books |
| Lost status | Source of classification or shelving scheme | Damaged status | Not for loan | Collection code | Permanent Location | Current Location | Shelving location | Date acquired | Source of acquisition | Cost, normal purchase price | Total Checkouts | Full call number | Date last seen | Copy number | Koha item type |
|---|---|---|---|---|---|---|---|---|---|---|---|---|---|---|---|
| Dewey Decimal Classification | Non-fiction | Central Library, University of Rajshahi | Central Library, University of Rajshahi | 07/01/1970 | Zeitlinger | 63.00 | 332.11094212 CLB V-1 1966 | 28/06/2016 | C-2 | Books | |||||
| Dewey Decimal Classification | Non-fiction | Central Library, University of Rajshahi | Central Library, University of Rajshahi | 07/01/1970 | Zeitlinger | 63.00 | 332.11094212 CLB V-2 1966 | 28/06/2016 | C-3 | Books |